<?xml version="1.0" encoding="UTF-8"?>
<collection xmlns="http://www.loc.gov/MARC21/slim">
 <record>
  <leader>01208nam a2200181 a 4500</leader>
  <controlfield tag="001">1/53650</controlfield>
  <controlfield tag="008">210914s        enk           000 | eng d</controlfield>
  <datafield tag="040" ind1=" " ind2=" ">
   <subfield code="a">GR-PeUP</subfield>
  </datafield>
  <datafield tag="082" ind1="0" ind2="0">
   <subfield code="a">949.505092 ΠΑΝ</subfield>
  </datafield>
  <datafield tag="100" ind1="1" ind2=" ">
   <subfield code="a">Πανταζόπουλος, Νικόλαος Ι.</subfield>
  </datafield>
  <datafield tag="245" ind1="0" ind2="0">
   <subfield code="a">Μελετήματα για τον Ρήγα Βελεστινλή :</subfield>
   <subfield code="b">η πολιτική ιδεολογία του ελληνισμού προάγγελος της επαναστάσεως, Ελληνικαί καταβολαί και ξενικαί επιδράσεις εις το έργο του Ρήγα Βελεστινλή, Θρύλος και πραγματικότητα γύρω απο τον Ρήγα / </subfield>
   <subfield code="c">Νικολάου Ι. Πανταζόπουλου.</subfield>
  </datafield>
  <datafield tag="260" ind1=" " ind2=" ">
   <subfield code="a">Αθήνα : </subfield>
   <subfield code="b">Επιστημονική Εταιρεία Μελέτης &quot;Φερών- Βελεστίνου- Ρήγα&quot;,</subfield>
   <subfield code="c">[1998].</subfield>
  </datafield>
  <datafield tag="300" ind1=" " ind2=" ">
   <subfield code="a">110 σ. ;</subfield>
   <subfield code="c">24 εκ.</subfield>
  </datafield>
  <datafield tag="504" ind1=" " ind2=" ">
   <subfield code="a">Βιβλιογραφία (σ. 109-110). </subfield>
  </datafield>
  <datafield tag="600" ind1="1" ind2="0">
   <subfield code="a">Ρήγας, Φεραίος,</subfield>
   <subfield code="d">1757-1798.</subfield>
  </datafield>
  <datafield tag="600" ind1="1" ind2="4">
   <subfield code="a">Ρήγας, Βελεστινλής,</subfield>
   <subfield code="d">1757-1798.</subfield>
  </datafield>
  <datafield tag="852" ind1=" " ind2=" ">
   <subfield code="a">INST</subfield>
   <subfield code="b">UNIPILB</subfield>
   <subfield code="c">MAIN</subfield>
   <subfield code="e">20210914</subfield>
   <subfield code="h">949.505092 ΠΑΝ</subfield>
   <subfield code="p">00185845</subfield>
   <subfield code="q">00185845</subfield>
   <subfield code="t">LOAN</subfield>
   <subfield code="y">0</subfield>
   <subfield code="4">1</subfield>
  </datafield>
  <datafield tag="960" ind1=" " ind2=" ">
   <subfield code="a">ΑΛΜΠΑΝΗ ΤΑΝΙΑ</subfield>
  </datafield>
 </record>
</collection>
